[Event "SV Heiden 1 - SK Ochtrup 1"]
[Site "Verbandsklasse 2019/2020"]
[Date "2019.12.07"]
[Round "4.2"]
[White "Berger, Alfred Josef"]
[Black "Moor, Daniel"]
[Result "1/2-1/2"]
[WhiteElo "1869"]
[BlackElo "1899"]
[PlyCount "110"]
[EventDate "2019.??.??"]
[SourceDate "2019.09.20"]

1. d4 Nf6 2. Nf3 c5 3. c4 cxd4 4. Nxd4 d6 5. g3 Bd7 6. Bg2 Nc6 7. Nc3 g6 8. O-O
Bg7 9. e3 Qc8 10. b3 Bh3 11. Bb2 Bxg2 12. Kxg2 h5 13. h4 Ne5 14. Nd5 Qd7 15.
Nb5 Nxd5 16. Qxd5 O-O 17. Rad1 Qc6 18. Bxe5 Bxe5 19. Nd4 Qa6 20. a4 Rac8 21.
Qb5 Qxb5 22. axb5 Bxd4 23. Rxd4 Rc7 24. Ra1 b6 25. e4 f6 26. f4 Rfc8 27. Re1
Rc5 28. e5 dxe5 29. fxe5 f5 30. Kf3 Kf7 31. Kf4 Ke6 32. Kg5 Rg8 33. Kf4 Rgc8
34. Ra1 R5c7 35. Rd5 Rxc4+ 36. bxc4 Rxc4+ 37. Kf3 Kxd5 38. Rxa7 e6 39. Rb7 Kc5
40. Re7 Kxb5 41. Rxe6 Rg4 42. Rf6 Kc5 43. e6 b5 44. e7 Re4 45. Rxg6 Rxe7 46.
Rg5 Rf7 47. Rxh5 Kd4 48. Rh8 b4 49. Rb8 Kc3 50. Kf4 b3 51. h5 b2 52. h6 Kc2 53.
Rc8+ Kd2 54. Rd8+ Kc2 55. Rc8+ Kd2 1/2-1/2

[Event "SV Heiden 1 - SK Ochtrup 1"]
[Site "Verbandsklasse 2019/2020"]
[Date "2019.12.07"]
[Round "4.3"]
[White "Schmerling, Janek"]
[Black "Sicking, Norbert"]
[Result "1-0"]
[WhiteElo "1676"]
[BlackElo "1756"]
[PlyCount "71"]
[EventDate "2019.??.??"]
[SourceDate "2019.09.20"]

1. e4 d6 2. d4 g6 3. c4 Bg7 4. Nc3 Nf6 5. Be2 O-O 6. h3 c6 7. f4 Ne8 8. Nf3 Qc7
9. O-O Nd7 10. Be3 e5 11. Qd2 Nef6 12. f5 Nh5 13. dxe5 dxe5 14. Kf2 Nf4 15. g3
Nxe2 16. Kxe2 Nb6 17. Bh6 f6 18. fxg6 hxg6 19. Bxg7 Kxg7 20. c5 Nc4 21. Qc1 Be6
22. b3 Na5 23. g4 Qe7 24. Qe3 Rh8 25. Rh1 Rh7 26. Kf2 Rah8 27. Kg2 g5 28. Ne2
Rd8 29. Ng3 Rd7 30. Nd2 Qd8 31. Rad1 Rd3 32. Qe2 Kg6 33. Nf5 b6 34. Nd6 Rd4 35.
N2c4 bxc5 36. Nf5 1-0

[Event "SV Heiden 1 - SK Ochtrup 1"]
[Site "Verbandsklasse 2019/2020"]
[Date "2019.12.07"]
[Round "4.4"]
[White "Niewerth, Gerd"]
[Black "Holtmannspoetter, Thomas"]
[Result "0-1"]
[WhiteElo "1826"]
[BlackElo "1722"]
[PlyCount "58"]
[EventDate "2019.??.??"]
[SourceDate "2019.09.20"]

1. e4 c5 2. Nf3 e6 3. d4 cxd4 4. Nxd4 Nf6 5. Nc3 Bb4 6. Bd3 Nc6 7. Nxc6 dxc6 8.
Bd2 Bd7 9. a3 Be7 10. Qe2 Qc7 11. f4 O-O-O 12. O-O Bc5+ 13. Kh1 e5 14. f5 Rdg8
15. Na4 Be7 16. b4 g6 17. Be3 Kb8 18. Qf2 b6 19. h3 gxf5 20. Ba6 Nxe4 21. Qg1
Ng3+ 22. Kh2 Nxf1+ 23. Rxf1 f4 24. Bxb6 axb6 25. Nxb6 Be6 26. Rb1 Rg3 27. b5 c5
28. Na4 Rhg8 29. Qf1 Bd5 0-1

[Event "SV Heiden 1 - SK Ochtrup 1"]
[Site "Verbandsklasse 2019/2020"]
[Date "2019.12.07"]
[Round "4.5"]
[White "Jacob, Barbara"]
[Black "Winzenhoerlein, Thomas"]
[Result "1/2-1/2"]
[WhiteElo "1629"]
[BlackElo "1773"]
[PlyCount "40"]
[EventDate "2019.??.??"]
[SourceDate "2019.09.20"]

1. e4 d5 2. exd5 Nf6 3. Nc3 Nxd5 4. Bc4 Nb6 5. Bb3 Bf5 6. Nf3 e6 7. O-O Be7 8.
d3 O-O 9. Be3 Nc6 10. Ne2 Na5 11. Ng3 Bg6 12. Ne5 a6 13. Nxg6 hxg6 14. Ne4 Nxb3
15. axb3 Nd5 16. Bc5 b6 17. Bxe7 Qxe7 18. Qd2 a5 19. Rfe1 Rad8 20. Ra4 Nf6
1/2-1/2

[Event "SV Heiden 1 - SK Ochtrup 1"]
[Site "Verbandsklasse 2019/2020"]
[Date "2019.12.07"]
[Round "4.6"]
[White "Wigger, Niklas"]
[Black "Kaiser, Guenter"]
[Result "1/2-1/2"]
[WhiteElo "1819"]
[BlackElo "1628"]
[PlyCount "93"]
[EventDate "2019.??.??"]
[SourceDate "2019.09.20"]

1. e4 c5 2. Nf3 d6 3. d4 cxd4 4. Nxd4 Nf6 5. Nc3 a6 6. Bg5 e6 7. Bc4 Be7 8.
Bxf6 Bxf6 9. Qd2 Qc7 10. Bb3 Nc6 11. Nde2 O-O 12. O-O-O Rd8 13. f4 Na5 14. g4
Nxb3+ 15. axb3 b5 16. g5 Be7 17. h4 Bb7 18. Qd3 Rac8 19. Rhg1 Qa5 20. f5 b4 21.
Nb1 e5 22. f6 Bf8 23. h5 d5 24. g6 dxe4 25. gxh7+ Kxh7 26. fxg7 Bxg7 27. Rxg7+
Kxg7 28. Rg1+ Kh7 29. Qh3 Rxc2+ 30. Kxc2 Qc5+ 31. Nbc3 Bc8 32. Qg2 Qf8 33.
Qxe4+ f5 34. Qxe5 bxc3 35. Nxc3 Re8 36. Qf4 Qf7 37. Kb1 Rg8 38. Re1 Re8 39.
Rxe8 Qxe8 40. Qg5 Qf7 41. Ne2 Qe6 42. Qd2 Qd7 43. Nd4 Qd5 44. Qc3 Bb7 45. Qe3
Qe4+ 46. Qxe4 Bxe4+ 47. Kc1 1/2-1/2

[Event "SV Heiden 1 - SK Ochtrup 1"]
[Site "Verbandsklasse 2019/2020"]
[Date "2019.12.07"]
[Round "4.7"]
[White "Broeker, Simone"]
[Black "Kloster, Elisabeth"]
[Result "1/2-1/2"]
[WhiteElo "1469"]
[BlackElo "1701"]
[PlyCount "107"]
[EventDate "2019.??.??"]
[SourceDate "2019.09.20"]

1. e4 e6 2. d4 d5 3. exd5 exd5 4. Nf3 Bd6 5. Be2 Nf6 6. Bg5 O-O 7. Nc3 c6 8.
O-O Bf5 9. Re1 Nbd7 10. a3 Qc7 11. h3 Rfe8 12. Qd2 Re6 13. Bd3 Be4 14. Bxf6
Nxf6 15. Ng5 Re7 16. Ngxe4 dxe4 17. Nxe4 Nxe4 18. Rxe4 Rxe4 19. Bxe4 Bf4 20.
Qe2 g6 21. Bd3 Qd7 22. c3 Re8 23. Qf3 Bc7 24. a4 Qe6 25. Qd1 Qd7 26. g3 Qe6 27.
Kh2 h5 28. h4 Qf6 29. Qd2 Qxh4+ 30. Kg2 Qg4 31. Re1 Rxe1 32. Qxe1 h4 33. Qe2
Qg5 34. Qf3 hxg3 35. fxg3 Kg7 36. b4 Qd2+ 37. Be2 Qe1 38. g4 Qd2 39. b5 cxb5
40. axb5 Ba5 41. c4 Qxd4 42. Qxb7 Bb6 43. Qf3 Qg1+ 44. Kh3 Bc7 45. Qg2 Qe3+ 46.
Qf3 Qh6+ 47. Kg2 Qh2+ 48. Kf1 Bb6 49. Qg2 Qe5 50. Qf3 Qa1+ 51. Kg2 g5 52. Qd5
Qg1+ 53. Kh3 Be3 54. Qe5+ 1/2-1/2

[Event "SV Heiden 1 - SK Ochtrup 1"]
[Site "Verbandsklasse 2019/2020"]
[Date "2019.12.07"]
[Round "4.8"]
[White "Vestrick, Frank"]
[Black "Leseberg, Detlef"]
[Result "1-0"]
[WhiteElo "1726"]
[BlackElo "1205"]
[PlyCount "75"]
[EventDate "2019.??.??"]
[SourceDate "2019.09.20"]

1. d4 d5 2. c4 e6 3. Nc3 Nf6 4. Nf3 Be7 5. Bg5 O-O 6. e3 b6 7. Rc1 Bb7 8. Bd3
dxc4 9. Bxc4 Nbd7 10. O-O Rc8 11. Qe2 c6 12. Rfd1 Nd5 13. Bxe7 Qxe7 14. a3 c5
15. Bxd5 Bxd5 16. Nxd5 exd5 17. dxc5 Rxc5 18. b4 Rxc1 19. Rxc1 Nf6 20. Nd4 Qd7
21. Qa6 Ra8 22. Rc6 Ne8 23. Qd3 Nd6 24. Rc1 g6 25. Nf3 Ne8 26. h3 Qd6 27. Nd4
Nc7 28. Rc6 Qd7 29. Qc2 Ne6 30. Nf3 f6 31. Qc3 Kf7 32. Kf1 Qd8 33. Nd4 Ng7 34.
Rc7+ Kg8 35. Qc6 Qe8 36. Qxd5+ Kh8 37. Qb7 f5 38. Rxg7 1-0

[Event "SC Gronau 2 - SC Rochade Emsdetten 3"]
[Site "Verbandsklasse 2019/2020"]
[Date "2019.12.07"]
[Round "4.1"]
[White "Bahr, Maximilian"]
[Black "Kloenne, Tim"]
[Result "1-0"]
[WhiteElo "1738"]
[BlackElo "1801"]
[PlyCount "83"]
[EventDate "2019.??.??"]
[SourceDate "2019.09.20"]

1. d4 d5 2. c4 e6 3. Nc3 Nf6 4. e3 Be7 5. Nf3 O-O 6. Bd3 dxc4 7. Bxc4 a6 8. O-O
b5 9. Bd3 Bb7 10. Qc2 Nbd7 11. b3 c5 12. Ne4 Rc8 13. Nxf6+ Nxf6 14. Qe2 Ne4 15.
Bb2 f5 16. Rfd1 Qb6 17. Ne5 Nf6 18. Rac1 Rc7 19. h3 Rfc8 20. g4 Be4 21. g5 Bxd3
22. Rxd3 Nd5 23. Qh5 Bd6 24. dxc5 Bxc5 25. g6 h6 26. Rcd1 Bf8 27. Qf3 Nf6 28.
Nf7 Ne4 29. Qf4 Rc2 30. Qe5 Rxb2 31. Qxb2 Be7 32. Rd7 Bf6 33. Qe2 Nc3 34. Qc2
b4 35. R1d6 Qb5 36. Kh2 Kf8 37. Qd2 Nd5 38. f4 Qf1 39. Nd8 Ke8 40. Nxe6 Rc1 41.
Nxg7+ Kf8 42. Rxf6+ 1-0

[Event "SC Gronau 2 - SC Rochade Emsdetten 3"]
[Site "Verbandsklasse 2019/2020"]
[Date "2019.12.07"]
[Round "4.2"]
[White "Tsoukkerman, Boris Z"]
[Black "Fuhrmann, Andreas"]
[Result "1/2-1/2"]
[WhiteElo "1907"]
[BlackElo "1651"]
[PlyCount "47"]
[EventDate "2019.??.??"]
[SourceDate "2019.09.20"]

1. d4 d5 2. c4 e6 3. cxd5 exd5 4. Nc3 c5 5. Nf3 Nc6 6. dxc5 d4 7. Ne4 Bf5 8.
Nd6+ Bxd6 9. cxd6 Qxd6 10. a3 Nf6 11. g3 O-O 12. Bg2 Rad8 13. O-O d3 14. exd3
Qxd3 15. Qxd3 Rxd3 16. Be3 h6 17. Rfc1 Rfd8 18. Bf1 Rb3 19. Rxc6 bxc6 20. Nd4
Rxe3 21. fxe3 Be4 22. Bg2 Bxg2 23. Kxg2 c5 24. Nf3 1/2-1/2

[Event "SC Gronau 2 - SC Rochade Emsdetten 3"]
[Site "Verbandsklasse 2019/2020"]
[Date "2019.12.07"]
[Round "4.3"]
[White "Peters, Tobias"]
[Black "Binger, Friedhelm"]
[Result "1/2-1/2"]
[WhiteElo "1686"]
[BlackElo "1703"]
[PlyCount "46"]
[EventDate "2019.??.??"]
[SourceDate "2019.09.20"]

1. e4 e5 2. d4 exd4 3. Nf3 Nc6 4. c3 d5 5. exd5 Qxd5 6. cxd4 Bg4 7. Be2 Nf6 8.
Nc3 Bb4 9. O-O Bxc3 10. bxc3 O-O 11. h3 Bxf3 12. Bxf3 Qc4 13. Qb3 Qxb3 14. axb3
Nd8 15. Bg5 c6 16. c4 Ne6 17. Bxf6 gxf6 18. Rfd1 Ng5 19. Rd3 Rfd8 20. Rad1 Rd7
21. Bg4 Rd6 22. Bf5 Rad8 23. Kf1 Ne6 1/2-1/2

[Event "SC Gronau 2 - SC Rochade Emsdetten 3"]
[Site "Verbandsklasse 2019/2020"]
[Date "2019.12.07"]
[Round "4.4"]
[White "Reinhold, Klaus"]
[Black "Schmidt, Frank"]
[Result "1-0"]
[WhiteElo "1823"]
[BlackElo "1558"]
[PlyCount "51"]
[EventDate "2019.??.??"]
[SourceDate "2019.09.20"]

1. d4 Nf6 2. c4 e6 3. Nf3 d5 4. Nc3 Be7 5. Bf4 c6 6. e3 O-O 7. Bd3 dxc4 8. Bxc4
Nd5 9. Bg3 Bb4 10. Rc1 Qa5 11. Qb3 Nd7 12. O-O Bxc3 13. bxc3 N7f6 14. Bd3 Ne7
15. c4 Nf5 16. Be5 Nd7 17. Bxf5 Nxe5 18. Bxh7+ Kxh7 19. Nxe5 g6 20. c5 Qc7 21.
Qc2 Qe7 22. Rb1 Rg8 23. Rb3 f6 24. Nc4 Qc7 25. Rfb1 Rg7 26. Nd6 1-0

[Event "SC Gronau 2 - SC Rochade Emsdetten 3"]
[Site "Verbandsklasse 2019/2020"]
[Date "2019.12.07"]
[Round "4.5"]
[White "Pfeiffer, Erich"]
[Black "Schoewer Lingemann, Thorsten"]
[Result "0-1"]
[WhiteElo "1575"]
[BlackElo "1714"]
[PlyCount "162"]
[EventDate "2019.??.??"]
[SourceDate "2019.09.20"]

1. d4 Nf6 2. Nc3 g6 3. Bg5 Bg7 4. e4 d6 5. Bxf6 Bxf6 6. Bc4 O-O 7. Nge2 a6 8.
a4 Nc6 9. O-O Bg4 10. f3 Bd7 11. h3 e5 12. dxe5 Nxe5 13. Bb3 Bg7 14. f4 Nc6 15.
f5 Ne5 16. fxg6 hxg6 17. Nf4 Bc6 18. Ncd5 Bxd5 19. Qxd5 c6 20. Qd2 Qb6+ 21. Kh1
Rad8 22. Rad1 Qc7 23. Qf2 Qe7 24. Qg3 Kh7 25. Rd2 Rd7 26. Rdf2 Bh6 27. Nd3 Kg7
28. Nxe5 Qxe5 29. Qxe5+ dxe5 30. g3 f6 31. Kg2 Rd4 32. Re2 Rfd8 33. Kf3 Kf8 34.
Kg4 Ke7 35. Kf3 b5 36. axb5 axb5 37. Ra1 Rd1 38. Ra7+ R8d7 39. Rxd7+ Rxd7 40.
h4 Bc1 41. c3 Rd3+ 42. Kg2 Rd2 43. Rxd2 Bxd2 44. Ba2 Bc1 45. b3 Kd6 46. g4 Bd2
47. c4 bxc4 48. bxc4 Kc5 49. h5 gxh5 50. gxh5 Kd4 51. Kf3 Bg5 52. Bb3 c5 53.
Bc2 Kxc4 54. Ke2 Kc3 55. Kd1 c4 56. Ba4 Kd4 57. Bc2 Ke3 58. Bb1 Kf3 59. Bc2 Kg4
60. Ke2 Kxh5 61. Kf3 Kg6 62. Ke2 Bc1 63. Kd1 Be3 64. Ke2 Bd4 65. Kf3 Kf7 66.
Kg4 Ke6 67. Bd1 Kd6 68. Kf3 Kc5 69. Ke2 Bc3 70. Bc2 Kd4 71. Kf3 Bd2 72. Ke2 Bg5
73. Kd1 Ke3 74. Bb1 f5 75. exf5 e4 76. Kc2 Bf6 77. Kd1 Kf3 78. Bc2 e3 79. Ke1
Bc3+ 80. Kf1 e2+ 81. Kg1 e1=Q+ 0-1

[Event "SC Gronau 2 - SC Rochade Emsdetten 3"]
[Site "Verbandsklasse 2019/2020"]
[Date "2019.12.07"]
[Round "4.6"]
[White "Sprenger, Franz"]
[Black "Gatterdam, Karl Heinz"]
[Result "1/2-1/2"]
[WhiteElo "1675"]
[BlackElo "1695"]
[PlyCount "101"]
[EventDate "2019.??.??"]
[SourceDate "2019.09.20"]

1. e4 e5 2. Bc4 Nf6 3. Nc3 Nxe4 4. Bxf7+ Kxf7 5. Nxe4 d5 6. Qf3+ Kg8 7. Ng3 Nc6
8. N1e2 Bc5 9. a3 Be6 10. b4 Bb6 11. O-O Qf6 12. Qxf6 gxf6 13. Bb2 Kf7 14. Kh1
Ke7 15. f4 Rhf8 16. b5 Na5 17. fxe5 fxe5 18. Bxe5 Nc4 19. Bc3 Rxf1+ 20. Rxf1
Bc5 21. a4 a6 22. Nf4 Rf8 23. Nxe6 Rxf1+ 24. Nxf1 Kxe6 25. d4 Be7 26. bxa6 bxa6
27. Bd2 Bf6 28. c3 Nb6 29. a5 Nc4 30. Bf4 Bd8 31. g4 c6 32. Ng3 Bxa5 33. Ne2
Nd6 34. Bxd6 Kxd6 35. Kg2 Bc7 36. Kf3 a5 37. Ke3 a4 38. Kd3 Ke6 39. h3 Kf6 40.
h4 Ke6 41. Ng1 Bf4 42. Nf3 Kd6 43. Kc2 c5 44. dxc5+ Kxc5 45. g5 Kc4 46. h5 a3
47. g6 hxg6 48. hxg6 Bh6 49. Ne5+ Kb5 50. Kb3 Bg7 51. Nf3 1/2-1/2

[Event "SC Gronau 2 - SC Rochade Emsdetten 3"]
[Site "Verbandsklasse 2019/2020"]
[Date "2019.12.07"]
[Round "4.7"]
[White "Overmeyer, Juergen"]
[Black "Schlueter, Gerhard"]
[Result "1/2-1/2"]
[WhiteElo "1517"]
[BlackElo "1655"]
[PlyCount "50"]
[EventDate "2019.??.??"]
[SourceDate "2019.09.20"]

1. e4 e5 2. f4 Bc5 3. Nf3 d6 4. c3 Nf6 5. d4 exd4 6. cxd4 Bb6 7. Nc3 Bg4 8. Be2
Nc6 9. e5 dxe5 10. dxe5 Ng8 11. Qxd8+ Rxd8 12. Bd2 Nge7 13. O-O-O O-O 14. h3
Bc8 15. g4 Nb4 16. Rhf1 Nd3+ 17. Kc2 Nf2 18. Ng5 Nxd1 19. Bxd1 Nd5 20. Bf3 Ne3+
21. Bxe3 Bxe3 22. Nd5 Bb6 23. Ne7+ Kh8 24. Bd5 Rxd5 25. Nxd5 h6 1/2-1/2

[Event "SC Gronau 2 - SC Rochade Emsdetten 3"]
[Site "Verbandsklasse 2019/2020"]
[Date "2019.12.07"]
[Round "4.8"]
[White "Baer, Klaus"]
[Black "Borgmann, Simon"]
[Result "1/2-1/2"]
[WhiteElo "1675"]
[BlackElo "1495"]
[PlyCount "35"]
[EventDate "2019.??.??"]
[SourceDate "2019.09.20"]

1. Nf3 d5 2. d4 Nf6 3. g3 e6 4. Bg2 c5 5. e3 Nbd7 6. O-O b6 7. b3 Ba6 8. Re1
Rc8 9. Bf1 Bxf1 10. Kxf1 Ne4 11. dxc5 Bxc5 12. a3 Qf6 13. Ra2 Ne5 14. Kg2 Qxf3+
15. Qxf3 Nxf3 16. Kxf3 Be7 17. Bd2 Bf6 18. Rc1 1/2-1/2